[Event "POL-chT 2nd League"]
[Site "Jastrzebia Gora"]
[Date "2023.09.07"]
[Round "6.123"]
[White "Drozdowski, Konrad"]
[Black "Liberadzki, Slawomir"]
[Result "1/2-1/2"]
[WhiteElo "2104"]
[BlackElo "1958"]
[PlyCount "48"]
[EventDate "2023.09.02"]
[EventType "team-swiss"]
[EventRounds "9"]
[EventCountry "POL"]
[SourceTitle "EXT 2024"]
[Source "ChessBase"]
[SourceDate "2023.10.10"]
[SourceVersion "1"]
[SourceVersionDate "2023.10.10"]
[SourceQuality "1"]
[WhiteTeam "Torun UMK"]
[BlackTeam "Skoczek Trojanski"]
[WhiteTeamCountry "POL"]
[BlackTeamCountry "POL"]

1. Nf3 c5 2. g3 Nc6 3. Bg2 e5 4. c4 g6 5. Nc3 Bg7 6. 0-0 Nge7 7. a3 0-0 8. Rb1 f5 9. d3 a5 10. Ne1 d6 11. Nc2 Rb8 12. b4 axb4 13. axb4 cxb4 14. Nd5 Nxd5 15. Bxd5+ Kh8 16. Nxb4 Bd7 17. Be3 f4 18. Bd2 Qf6 19. Bg2 Nxb4 20. Rxb4 Bc6 21. Rb6 Rbc8 22. Bxc6 bxc6 23. Kg2 Qf5 24. Bb4 Rf6 1/2-1/2

[Event "EU-ch Rapid"]
[Site "Katowice"]
[Date "2022.12.17"]
[Round "2"]
[White "Drozdowski, Konrad"]
[Black "Manik, Mikulas"]
[Result "1/2-1/2"]
[WhiteElo "2104"]
[BlackElo "2359"]
[PlyCount "118"]
[EventDate "2022.12.17"]
[EventType "swiss (rapid)"]
[EventRounds "11"]
[EventCountry "POL"]
[SourceTitle "CBM 211 Extra"]
[Source "ChessBase"]
[SourceDate "2023.01.31"]
[SourceVersion "1"]
[SourceVersionDate "2023.01.31"]
[SourceQuality "1"]

1. d4 Nf6 2. Bg5 d5 3. Bxf6 exf6 4. e3 Bd6 5. g3 c6 6. Bg2 0-0 7. Ne2 Be6 8. 0-0 f5 9. Nd2 Nd7 10. Nf4 Nf6 11. Nxe6 fxe6 12. c4 Ne4 13. Nxe4 fxe4 14. Qe2 Qg5 15. Rac1 a6 16. f3 exf3 17. Rxf3 Rxf3 18. Bxf3 Rf8 19. Kg2 g6 20. Bg4 Rf6 21. c5 Bc7 22. h4 Qh6 23. Rf1 Rxf1 24. Kxf1 Bxg3 25. Qf3 Qxh4 26. Bxe6+ Kg7 27. Qf7+ Kh6 28. Qf8+ Kh5 29. Qf3+ Kg5 30. Bc8 h5 31. Bxb7 Qh3+ 32. Ke2 h4 33. Bxc6 Qh2+ 34. Kd3 Qxb2 35. Qxd5+ Kh6 36. Qb3 Qf2 37. Qg8 Qf1+ 38. Kc2 Qe2+ 39. Kb1 Qd3+ 40. Kb2 Qxe3 41. Qh8+ Kg5 42. Qd8+ Kg4 43. Qc8+ Kh5 44. Qh8+ Qh6 45. Bf3+ Kg5 46. Qd8+ Kf4 47. Qd5 Qf8 48. c6 Qe7 49. Qe5+ Qxe5 50. dxe5 Kf5 51. Be4+ Ke6 52. Bxg6 Bxe5+ 53. Kb3 Kd5 54. Bd3 a5 55. Ka4 Bc7 56. Kb5 h3 57. Bf1 h2 58. Bg2+ Kd4 59. a4 Ke5 1/2-1/2

[Event "EU-ch Blitz"]
[Site "Katowice"]
[Date "2022.12.16"]
[Round "6"]
[White "Arkell, Keith C"]
[Black "Drozdowski, Konrad"]
[Result "1/2-1/2"]
[WhiteElo "2406"]
[BlackElo "2104"]
[PlyCount "84"]
[EventDate "2022.12.16"]
[EventType "swiss (blitz)"]
[EventRounds "22"]
[EventCountry "POL"]
[SourceTitle "CBM 211 Extra"]
[Source "ChessBase"]
[SourceDate "2023.01.31"]
[SourceVersion "1"]
[SourceVersionDate "2023.01.31"]
[SourceQuality "1"]

1. d4 Nf6 2. Nf3 g6 3. c4 Bg7 4. Nc3 0-0 5. g3 d6 6. Bg2 Nc6 7. 0-0 e5 8. dxe5 Nxe5 9. b3 Nxf3+ 10. Bxf3 Ng4 11. Bb2 c6 12. Qd2 Qc7 13. Rad1 Rd8 14. Ne4 Ne5 15. Bg2 d5 16. f4 Bf5 17. cxd5 cxd5 18. Nf2 Ng4 19. Bxg7 Kxg7 20. Qd4+ f6 21. Bxd5 Nxf2 22. Rxf2 Rd6 23. e4 Bg4 24. Re1 Rad8 25. Rd2 Be6 26. Qc4 Qb6+ 27. Kg2 Bxd5 28. Rxd5 Rxd5 29. exd5 Qd6 30. Re6 Qd7 31. Qe4 Kg8 32. Re7 Qxd5 33. Qxd5+ Rxd5 34. Rxb7 Rd2+ 35. Kf3 Rxa2 36. h4 Ra3 37. Ke4 a5 38. Kd5 a4 39. Ke6 Rxb3 40. Ra7 Rb6+ 41. Ke7 Kg7 42. Rxa4 Rb7+ 1/2-1/2

[Event "EU-ch Blitz"]
[Site "Katowice"]
[Date "2022.12.16"]
[Round "4"]
[White "Drozdowski, Konrad"]
[Black "Szpar, Milosz"]
[Result "0-1"]
[WhiteElo "2104"]
[BlackElo "2428"]
[PlyCount "62"]
[EventDate "2022.12.16"]
[EventType "swiss (blitz)"]
[EventRounds "22"]
[EventCountry "POL"]
[SourceTitle "CBM 211 Extra"]
[Source "ChessBase"]
[SourceDate "2023.01.31"]
[SourceVersion "1"]
[SourceVersionDate "2023.01.31"]
[SourceQuality "1"]

1. d4 Nf6 2. Bg5 c5 3. d5 Ne4 4. h4 h6 5. Bf4 e6 6. e3 Qb6 7. b3 Qa5+ 8. c3 d6 9. f3 Nf6 10. dxe6 Bxe6 11. Bxd6 Bxd6 12. Qxd6 Nc6 13. Ne2 Rd8 14. Qg3 0-0 15. Nd2 Qa3 16. Rd1 Qxa2 17. Nc1 Qc2 18. Qf2 Qxc3 19. Bc4 Rfe8 20. 0-0 Nd5 21. Bxd5 Bxd5 22. e4 Be6 23. Nb1 Qb4 24. Na2 Qxb3 25. Nac3 Nd4 26. Qe3 a5 27. Nd2 Qb6 28. Rb1 Qc6 29. Rfc1 b5 30. Ne2 Nxe2+ 31. Qxe2 c4 0-1

[Event "POL-chT 2nd League"]
[Site "Jastrzebia Gora"]
[Date "2022.09.09"]
[Round "7.110"]
[White "Lizak, Sebastian"]
[Black "Drozdowski, Konrad"]
[Result "1/2-1/2"]
[WhiteElo "1907"]
[BlackElo "2088"]
[PlyCount "60"]
[EventDate "2022.09.03"]
[EventType "team-swiss"]
[EventRounds "9"]
[EventCountry "POL"]
[SourceTitle "CBM 210 Extra"]
[Source "ChessBase"]
[SourceDate "2022.11.30"]
[SourceVersion "1"]
[SourceVersionDate "2022.11.30"]
[SourceQuality "1"]
[WhiteTeam "Gornik Ledziny"]
[BlackTeam "Torun UMK"]
[WhiteTeamCountry "POL"]
[BlackTeamCountry "POL"]

1. e4 c5 2. Nf3 e6 3. d4 cxd4 4. Nxd4 a6 5. Nc3 Qc7 6. Be2 Nf6 7. 0-0 d6 8. Be3 Be7 9. f4 Nbd7 10. Bf3 Nb6 11. e5 dxe5 12. fxe5 Qxe5 13. Nf5 exf5 14. Bxb6 0-0 15. Re1 Qd6 16. Qxd6 Bxd6 17. Rad1 Bb4 18. Bd4 Ne4 19. Bxe4 fxe4 20. Rxe4 Bf5 21. Rf4 Bxc2 22. Rd2 Bd6 23. Rg4 Bg6 24. Bxg7 Bxh2+ 25. Kxh2 Kxg7 26. Rd7 Rab8 27. Ne4 Rfd8 28. Rxd8 Rxd8 29. Nc5 Rd5 30. b4 h5 1/2-1/2

[Event "POL-chT 2nd League"]
[Site "Jastrzebia Gora"]
[Date "2022.09.04"]
[Round "2.81"]
[White "Gola, Karol"]
[Black "Drozdowski, Konrad"]
[Result "1/2-1/2"]
[WhiteElo "2148"]
[BlackElo "2088"]
[PlyCount "44"]
[EventDate "2022.09.03"]
[EventType "team-swiss"]
[EventRounds "9"]
[EventCountry "POL"]
[SourceTitle "CBM 210 Extra"]
[Source "ChessBase"]
[SourceDate "2022.11.30"]
[SourceVersion "1"]
[SourceVersionDate "2022.11.30"]
[SourceQuality "1"]
[WhiteTeam "Gliwice Politechnika Slaska"]
[BlackTeam "Torun UMK"]
[WhiteTeamCountry "POL"]
[BlackTeamCountry "POL"]

1. e4 c5 2. Nf3 e6 3. c3 d5 4. exd5 Qxd5 5. d4 Nf6 6. Be3 Be7 7. Bd3 0-0 8. 0-0 Rd8 9. Qe2 Nc6 10. Bc4 Qh5 11. dxc5 Bxc5 12. Bxc5 Qxc5 13. Nbd2 b6 14. Nb3 Qe7 15. Rad1 Bb7 16. Rfe1 h6 17. Nbd4 Nxd4 18. Nxd4 Kh8 19. Nf3 Rxd1 20. Rxd1 Rd8 21. Rxd8+ Qxd8 22. Ne5 Qc7 1/2-1/2

[Event "POL-ch Academic"]
[Site "Chorzow"]
[Date "2022.04.02"]
[Round "8"]
[White "Psyk, Radoslaw"]
[Black "Drozdowski, Konrad"]
[Result "1-0"]
[WhiteElo "2265"]
[BlackElo "2000"]
[PlyCount "71"]
[EventDate "2022.04.01"]
[EventType "swiss (rapid)"]
[EventRounds "9"]
[EventCountry "POL"]
[SourceTitle "EXT 2024"]
[Source "ChessBase"]
[SourceDate "2023.10.10"]
[SourceVersion "1"]
[SourceVersionDate "2023.10.10"]
[SourceQuality "1"]

1. e4 c5 2. Be2 e6 3. f4 Nc6 4. Nf3 d5 5. d3 b6 6. 0-0 Bb7 7. c3 Qc7 8. Qe1 Nf6 9. e5 Nd7 10. d4 Be7 11. Be3 a6 12. Nbd2 0-0-0 13. Kh1 h6 14. Bd3 Rdg8 15. Qe2 c4 16. Bc2 f5 17. exf6 Nxf6 18. Bg6 Rf8 19. b3 b5 20. a4 Bd6 21. axb5 axb5 22. Ne5 Bxe5 23. fxe5 Nd7 24. bxc4 bxc4 25. Rfb1 Ne7 26. Bc2 Nf5 27. Ra7 Nb6 28. Ra5 Nxe3 29. Qxe3 Bc6 30. Ra6 Na8 31. Ba4 Bb7 32. Rxe6 Rd8 33. Qg3 g5 34. Rf6 Kb8 35. Qf3 Rhg8 36. Rf7 1-0

[Event "Pardubice Czech op-B 29th"]
[Site "Pardubice"]
[Date "2018.07.28"]
[Round "9"]
[White "Drozdowski, Konrad"]
[Black "Paldus, Petr"]
[Result "1/2-1/2"]
[WhiteElo "2076"]
[BlackElo "1982"]
[PlyCount "75"]
[EventDate "2018.07.20"]
[EventType "swiss"]
[EventRounds "9"]
[EventCountry "CZE"]
[SourceTitle "CBM 186 Extra"]
[Source "ChessBase"]
[SourceDate "2018.08.24"]
[SourceVersion "1"]
[SourceVersionDate "2018.08.24"]
[SourceQuality "1"]

1. e4 e5 2. Nf3 Nc6 3. d4 exd4 4. Nxd4 Nxd4 5. Qxd4 Qf6 6. e5 Qb6 7. Qxb6 axb6 8. Nc3 Bb4 9. Bd2 f6 10. Nd5 Bxd2+ 11. Kxd2 Kd8 12. exf6 Nxf6 13. Nxf6 gxf6 14. Bd3 d6 15. Rhe1 Ra5 16. Re3 Bf5 17. a3 Bxd3 18. Rxd3 Rg8 19. g3 Re5 20. Re1 Rxe1 21. Kxe1 Re8+ 22. Kd2 Kd7 23. Rf3 Re6 24. Rf4 Ke8 25. Rh4 Re7 26. Rh6 Rf7 27. a4 Kf8 28. Rh4 Re7 29. Rf4 Kg7 30. Rg4+ Kf7 31. Rh4 Kg6 32. Rg4+ Kh5 33. Rg8 f5 34. b3 Kh6 35. Rb8 c6 36. Rf8 Kg6 37. Rg8+ Kf7 38. Rh8 1/2-1/2

[Event "Pardubice Czech op-B 29th"]
[Site "Pardubice"]
[Date "2018.07.26"]
[Round "7"]
[White "Drozdowski, Konrad"]
[Black "Otruba, Marek"]
[Result "1/2-1/2"]
[WhiteElo "2076"]
[BlackElo "1975"]
[PlyCount "43"]
[EventDate "2018.07.20"]
[EventType "swiss"]
[EventRounds "9"]
[EventCountry "CZE"]
[SourceTitle "CBM 186 Extra"]
[Source "ChessBase"]
[SourceDate "2018.08.24"]
[SourceVersion "1"]
[SourceVersionDate "2018.08.24"]
[SourceQuality "1"]

1. c4 e6 2. g3 d5 3. Bg2 Nf6 4. Nf3 Be7 5. 0-0 0-0 6. b3 b6 7. Bb2 Bb7 8. cxd5 Nxd5 9. Nc3 Nd7 10. Nxd5 Bxd5 11. Rc1 c5 12. d4 Nf6 13. e3 Rc8 14. Qe2 cxd4 15. Bxd4 Rxc1 16. Rxc1 Qa8 17. Ne1 Bxg2 18. Nxg2 Rc8 19. Rxc8+ Qxc8 20. Qb2 Ne8 21. Ne1 Bf6 22. Bxf6 1/2-1/2

[Event "Bialystok Zamenhof Memorial 36th"]
[Site "Bialystok"]
[Date "2017.12.30"]
[Round "7"]
[White "Drozdowski, Konrad"]
[Black "Kumala, Aleksander"]
[Result "1/2-1/2"]
[WhiteElo "2132"]
[BlackElo "2220"]
[PlyCount "75"]
[EventDate "2017.12.27"]
[EventType "swiss"]
[EventRounds "9"]
[EventCountry "POL"]
[SourceTitle "CBM 182 Extra"]
[Source "ChessBase"]
[SourceDate "2018.02.23"]
[SourceVersion "1"]
[SourceVersionDate "2018.02.23"]
[SourceQuality "1"]

1. e4 Nf6 2. e5 Nd5 3. d4 d6 4. c4 Nb6 5. exd6 exd6 6. Nc3 Be7 7. Bd3 0-0 8. Nge2 Na6 9. a3 c6 10. 0-0 Nc7 11. b3 d5 12. c5 Nd7 13. Qc2 g6 14. b4 Ne6 15. Be3 f5 16. f3 Bf6 17. Rad1 Qe7 18. Qd2 Re8 19. Bf2 b6 20. Rfe1 Qg7 21. Bb1 Bb7 22. Ba2 Nc7 23. Bg3 Rac8 24. Kh1 Nf8 25. cxb6 axb6 26. Bxc7 Qxc7 27. b5 Qd6 28. a4 Ne6 29. bxc6 Bxc6 30. Nb5 Bxb5 31. axb5 Kg7 32. Qd3 Nf4 33. Nxf4 Qxf4 34. Bxd5 Rxe1+ 35. Rxe1 Rc1 36. Qe2 Bxd4 37. g3 Qe3 38. Qxe3 1/2-1/2

[Event "Bialystok Zamenhof Memorial 36th"]
[Site "Bialystok"]
[Date "2017.12.29"]
[Round "6"]
[White "O'Gorman, Tom"]
[Black "Drozdowski, Konrad"]
[Result "1-0"]
[WhiteElo "2215"]
[BlackElo "2132"]
[PlyCount "87"]
[EventDate "2017.12.27"]
[EventType "swiss"]
[EventRounds "9"]
[EventCountry "POL"]
[SourceTitle "CBM 182 Extra"]
[Source "ChessBase"]
[SourceDate "2018.02.23"]
[SourceVersion "1"]
[SourceVersionDate "2018.02.23"]
[SourceQuality "1"]

1. e4 Nf6 2. e5 Nd5 3. d4 d6 4. Nf3 Bg4 5. Be2 c6 6. h3 Bxf3 7. Bxf3 dxe5 8. dxe5 e6 9. 0-0 Nd7 10. Qe2 Qc7 11. Re1 0-0-0 12. a3 Bc5 13. c3 Bb6 14. b4 Ne7 15. Nd2 Qb8 16. Nc4 Bc7 17. Bg5 Rde8 18. Bxe7 Rxe7 19. Rad1 Nb6 20. Nd6+ Bxd6 21. exd6 Ree8 22. c4 Kd8 23. c5 Nd7 24. Qb2 Nf6 25. a4 Kd7 26. b5 Rc8 27. Qe5 Qa8 28. Rb1 Rb8 29. Rb3 Rhg8 30. Reb1 Nd5 31. Bxd5 cxd5 32. Rf3 Rbf8 33. Rc1 f6 34. Qg3 Rc8 35. Rfc3 g6 36. c6+ bxc6 37. bxc6+ Rxc6 38. Rxc6 Qxc6 39. Rxc6 Kxc6 40. Qd3 Kxd6 41. Qa6+ Ke5 42. Qxa7 Rd8 43. Qc7+ Rd6 44. f4+ 1-0

[Event "Bialystok Zamenhof Memorial 36th"]
[Site "Bialystok"]
[Date "2017.12.29"]
[Round "5"]
[White "Tsaruk, Maksim"]
[Black "Drozdowski, Konrad"]
[Result "1/2-1/2"]
[WhiteElo "2171"]
[BlackElo "2132"]
[PlyCount "50"]
[EventDate "2017.12.27"]
[EventType "swiss"]
[EventRounds "9"]
[EventCountry "POL"]
[SourceTitle "CBM 182 Extra"]
[Source "ChessBase"]
[SourceDate "2018.02.23"]
[SourceVersion "1"]
[SourceVersionDate "2018.02.23"]
[SourceQuality "1"]

1. e4 d6 2. d4 Nf6 3. Nc3 e5 4. Nf3 Nbd7 5. Bc4 Be7 6. 0-0 0-0 7. a4 a5 8. h3 c6 9. Ba2 exd4 10. Nxd4 Nc5 11. Qf3 Qb6 12. Qe3 Qc7 13. Re1 Be6 14. Nd5 cxd5 15. exd5 Nxd5 16. Bxd5 Bxd5 17. Qxe7 Qxe7 18. Rxe7 Ne6 19. Nxe6 fxe6 20. b3 Rf7 21. Rxf7 Kxf7 22. Ba3 Be4 23. Bxd6 Bxc2 24. Rc1 Rc8 25. b4 axb4 1/2-1/2

[Event "Bialystok Zamenhof Memorial 36th"]
[Site "Bialystok"]
[Date "2017.12.28"]
[Round "3"]
[White "Walter, Szymon"]
[Black "Drozdowski, Konrad"]
[Result "1-0"]
[WhiteElo "2246"]
[BlackElo "2132"]
[PlyCount "121"]
[EventDate "2017.12.27"]
[EventType "swiss"]
[EventRounds "9"]
[EventCountry "POL"]
[SourceTitle "CBM 182 Extra"]
[Source "ChessBase"]
[SourceDate "2018.02.23"]
[SourceVersion "1"]
[SourceVersionDate "2018.02.23"]
[SourceQuality "1"]

1. e4 c5 2. Nc3 e6 3. f4 d5 4. Nf3 dxe4 5. Bb5+ Bd7 6. Bxd7+ Nxd7 7. Nxe4 Ngf6 8. d3 Be7 9. Qe2 0-0 10. 0-0 Nb6 11. c4 Qc7 12. b3 Rfd8 13. Bb2 Nxe4 14. Qxe4 Nc8 15. g4 Nd6 16. Qe2 Ne8 17. Ng5 Bf6 18. Be5 Qd7 19. Rad1 h6 20. Nf3 Bxe5 21. fxe5 Qe7 22. Kg2 b5 23. h4 Qb7 24. g5 hxg5 25. hxg5 g6 26. Qe4 Qxe4 27. dxe4 bxc4 28. bxc4 Rdb8 29. Rd7 Rb2+ 30. Rf2 Rab8 31. Rxa7 Ng7 32. Ne1 Rxf2+ 33. Kxf2 Rb2+ 34. Ke3 Nh5 35. Nd3 Rc2 36. Nxc5 Rxc4 37. Nd7 Rc3+ 38. Kd4 Rg3 39. Nf6+ Kg7 40. Ne8+ Kg8 41. Nd6 Rxg5 42. Nxf7 Rg1 43. a4 g5 44. Ke3 Kf8 45. a5 g4 46. Ng5 g3 47. Nxe6+ Kg8 48. Ra8+ Kf7 49. Ng5+ Kg7 50. Nf3 Ra1 51. Nh4 Ra3+ 52. Kd4 Ra4+ 53. Kd5 Nf4+ 54. Kd6 g2 55. Nxg2 Nxg2 56. e6 Rxe4 57. e7 Ne3 58. e8Q Rxe8 59. Rxe8 Nc4+ 60. Kc5 Nxa5 61. Rb8 1-0

[Event "Bialystok Zamenhof Memorial 36th"]
[Site "Bialystok"]
[Date "2017.12.27"]
[Round "1"]
[White "Teclaf, Pawel"]
[Black "Drozdowski, Konrad"]
[Result "1-0"]
[WhiteElo "2393"]
[BlackElo "2132"]
[PlyCount "171"]
[EventDate "2017.12.27"]
[EventType "swiss"]
[EventRounds "9"]
[EventCountry "POL"]
[SourceTitle "CBM 182 Extra"]
[Source "ChessBase"]
[SourceDate "2018.02.23"]
[SourceVersion "1"]
[SourceVersionDate "2018.02.23"]
[SourceQuality "1"]

1. e4 d6 2. d4 Nf6 3. Nc3 e5 4. Nf3 Nbd7 5. Bc4 Be7 6. 0-0 0-0 7. Re1 c6 8. a4 a5 9. Ba2 exd4 10. Nxd4 Nc5 11. Qf3 Bg4 12. Qg3 Qd7 13. h3 Be6 14. Bh6 Ne8 15. Nxe6 Nxe6 16. Rad1 Kh8 17. Bc1 Qc7 18. Qg4 Nc5 19. Be3 Nd7 20. Bd4 Bf6 21. Bxf6 Nexf6 22. Qg3 Ne5 23. Rd2 Rad8 24. Red1 Rd7 25. Kh1 Rfd8 26. Qe3 Ng6 27. Qg3 Ne5 28. Bb3 Qb6 29. f4 Ng6 30. Qf3 Qc5 31. g3 Qh5 32. g4 Qh4 33. Rg2 Ne8 34. Rf1 Qe7 35. Qg3 Nf8 36. g5 f6 37. h4 Ne6 38. e5 f5 39. exd6 Rxd6 40. Re2 Qd7 41. Rfe1 N8c7 42. Re5 Nd4 43. Re7 Qc8 44. h5 Nxb3 45. cxb3 Re6 46. h6 Re8 47. R1xe6 Nxe6 48. Rf7 Rf8 49. hxg7+ Nxg7 50. Re7 Re8 51. Qe3 Rxe7 52. Qxe7 Qe8 53. Qxb7 Qh5+ 54. Kg2 Qg4+ 55. Kf2 Qxf4+ 56. Ke2 Qe5+ 57. Kd1 Qd6+ 58. Kc1 Ne6 59. Kb1 Qc7 60. Qa6 Nxg5 61. Qd3 Ne4 62. Nxe4 fxe4 63. Qxe4 c5 64. Qg4 Qb6 65. Ka2 h6 66. Qd7 Kg8 67. Qe7 Kh8 68. Qf7 Qd6 69. Qa7 h5 70. Qxa5 h4 71. Qe1 Qg3 72. Qe8+ Kg7 73. Qd7+ Kf6 74. a5 h3 75. a6 Qg2 76. Qd8+ Kf5 77. a7 h2 78. a8Q h1Q 79. Qac8+ Kf4 80. Qd6+ Ke3 81. Qcxc5+ Ke2 82. Qde5+ Kd1 83. Qcd4+ Qd2 84. Qg4+ Kc2 85. Qc5+ Kd3 86. Qgc4# 1-0

[Event "Pardubice Czech op-B 28th"]
[Site "Pardubice"]
[Date "2017.07.25"]
[Round "5"]
[White "Drozdowski, Konrad"]
[Black "Netusil, Jakub"]
[Result "1-0"]
[WhiteElo "2064"]
[BlackElo "1944"]
[PlyCount "121"]
[EventDate "2017.07.21"]
[EventType "swiss"]
[EventRounds "9"]
[EventCountry "CZE"]
[SourceTitle "CBM 179 Extra"]
[Source "ChessBase"]
[SourceDate "2017.08.23"]
[SourceVersion "1"]
[SourceVersionDate "2017.08.23"]
[SourceQuality "1"]

1. e4 c6 2. d4 d5 3. Nc3 dxe4 4. Nxe4 Nd7 5. Ng5 Ngf6 6. Bd3 e6 7. N1f3 Be7 8. 0-0 0-0 9. Ne5 c5 10. Nxd7 Bxd7 11. dxc5 Bxc5 12. Nxh7 Nxh7 13. Bxh7+ Kxh7 14. Qh5+ Kg8 15. Qxc5 Qf6 16. Qg5 Qxg5 17. Bxg5 Bc6 18. c4 Rac8 19. Be3 a6 20. Bb6 Kh7 21. f3 Kg6 22. b3 Rh8 23. Rfd1 Rh5 24. Rd4 Rch8 25. h3 Rg5 26. Kf2 e5 27. Rd8 Rxd8 28. Bxd8 Rf5 29. Ke3 f6 30. a4 Rf4 31. Rd1 Kf5 32. Ba5 Rh4 33. Rd8 Rh7 34. Rb8 Rh4 35. Bc3 Ke6 36. Rd8 Ke7 37. Rd1 Ke6 38. Be1 Rh8 39. a5 Rc8 40. Bb4 Rc7 41. Rd8 Rd7 42. Rxd7 Bxd7 43. h4 g6 44. g4 Be8 45. f4 f5 46. g5 exf4+ 47. Kxf4 Bc6 48. Ke3 Be4 49. Bd2 Bc6 50. Kd4 Bf3 51. Bf4 Kd7 52. Kc5 Kc8 53. b4 Kd7 54. b5 Be2 55. Bh2 Bd3 56. bxa6 bxa6 57. h5 gxh5 58. Kd5 Be4+ 59. Ke5 Kc6 60. g6 Bd3 61. Kd4 1-0

[Event "Vaujany op-A 7th"]
[Site "Vaujany"]
[Date "2016.07.22"]
[Round "7"]
[White "Drozdowski, Konrad"]
[Black "Dudognon, Thibault"]
[Result "1/2-1/2"]
[WhiteElo "2088"]
[BlackElo "2158"]
[PlyCount "73"]
[EventDate "2016.07.16"]
[EventType "swiss"]
[EventRounds "9"]
[EventCountry "FRA"]
[SourceTitle "EXT 2019"]
[Source "ChessBase"]
[SourceDate "2018.10.10"]
[SourceVersion "1"]
[SourceVersionDate "2018.10.10"]
[SourceQuality "1"]

1. e4 c6 2. c4 d5 3. exd5 cxd5 4. cxd5 Nf6 5. Qa4+ Nbd7 6. Nc3 g6 7. Nf3 Bg7 8. Bc4 0-0 9. d3 a6 10. Qa3 b6 11. 0-0 Bb7 12. Re1 Re8 13. Be3 b5 14. Bb3 Nb6 15. Bxb6 Qxb6 16. Qb4 Qd8 17. a4 Nxd5 18. Nxd5 Bxd5 19. axb5 Bxb3 20. Qxb3 Qb6 21. h3 e6 22. Rac1 Qxb5 23. Qxb5 axb5 24. Rc5 b4 25. d4 Ra2 26. Rb1 Rea8 27. Rcc1 Bh6 28. Rc4 Ra1 29. Rf1 Bf8 30. Ne5 R8a2 31. Nd3 Kg7 32. g3 h5 33. Rxa1 Rxa1+ 34. Kg2 Bd6 35. b3 Rb1 36. Nc5 e5 37. Ne4 1/2-1/2

[Event "Vaujany op-A 7th"]
[Site "Vaujany"]
[Date "2016.07.19"]
[Round "4"]
[White "Favarel, Camille"]
[Black "Drozdowski, Konrad"]
[Result "1/2-1/2"]
[WhiteElo "2256"]
[BlackElo "2088"]
[PlyCount "92"]
[EventDate "2016.07.16"]
[EventType "swiss"]
[EventRounds "9"]
[EventCountry "FRA"]
[SourceTitle "EXT 2019"]
[Source "ChessBase"]
[SourceDate "2018.10.10"]
[SourceVersion "1"]
[SourceVersionDate "2018.10.10"]
[SourceQuality "1"]

1. d4 d5 2. Bf4 Nf6 3. e3 Bf5 4. c4 c6 5. Nc3 e6 6. Qb3 Qb6 7. c5 Qxb3 8. axb3 Nbd7 9. b4 Ne4 10. f3 Nxc3 11. bxc3 Be7 12. Ne2 Bd3 13. Nc1 Bxf1 14. Rxf1 0-0 15. Nb3 Bd8 16. Kd2 a6 17. Rfb1 f6 18. Bd6 Rf7 19. Na5 Nf8 20. Rb2 f5 21. Rba2 Bxa5 22. bxa5 Rd8 23. Rb2 h6 24. Kd3 Nh7 25. Rab1 Rdd7 26. Re1 Nf6 27. Rbe2 Kh7 28. Be5 Ng8 29. Rg1 Ne7 30. Rf2 Ng6 31. Bd6 Rf6 32. g4 fxg4 33. Rxg4 Nh8 34. Be5 Rg6 35. Rfg2 Rf7 36. Ke2 Rxg4 37. Rxg4 Ng6 38. Bd6 Rf5 39. Rg1 Rf7 40. Bg3 Rd7 41. e4 Kg8 42. Ke3 Kf7 43. Be1 Ne7 44. Bg3 Ng6 45. Bd6 Nh4 46. Bg3 Ng6 1/2-1/2

[Event "POL-ch U16"]
[Site "Szklarska Poreba"]
[Date "2016.03.19"]
[Round "8"]
[White "Bilczewski, Kacper"]
[Black "Drozdowski, Konrad"]
[Result "1/2-1/2"]
[WhiteElo "2046"]
[BlackElo "2037"]
[PlyCount "86"]
[EventDate "2016.03.13"]
[EventType "swiss"]
[EventRounds "9"]
[EventCountry "POL"]
[SourceTitle "EXT 2018"]
[Source "ChessBase"]
[SourceDate "2017.10.13"]
[SourceVersion "1"]
[SourceVersionDate "2017.10.13"]
[SourceQuality "1"]

1. e4 c5 2. Nf3 e6 3. d4 cxd4 4. c3 d5 5. exd5 Qxd5 6. cxd4 Nc6 7. Nc3 Bb4 8. Bd2 Bxc3 9. Bxc3 Nf6 10. Bd3 0-0 11. 0-0 b6 12. Qe2 Bb7 13. Rfe1 Qh5 14. Ne5 Qxe2 15. Bxe2 Nd5 16. Nxc6 Bxc6 17. Bd2 Rfd8 18. Rac1 Bb7 19. Bf3 Rac8 20. Rxc8 Rxc8 21. Rc1 Rxc1+ 22. Bxc1 Kf8 23. Bxd5 Bxd5 24. a3 Ke7 25. f3 Kd6 26. Kf2 Bc4 27. Ke3 Kd5 28. Bd2 Bf1 29. g3 Bc4 30. Bc3 Bb3 31. Kd3 Bd1 32. Ke3 a6 33. Bb4 g6 34. Bc3 h5 35. h4 a5 36. f4 f5 37. Kd2 Bb3 38. Ke3 Bc4 39. Be1 Bb5 40. Bc3 Kc4 41. d5 Kxd5 42. Bd4 Kc6 43. Bf6 Kd5 1/2-1/2